A lesson in house prices (Record no. 73549)

MARC details
000 -LEADER
fixed length control field 00948cam a2200217 4500
001 - CONTROL NUMBER
control field WB3937-15
008 - FIXED-LENGTH DATA ELEMENTS--GENERAL INFORMATION
fixed length control field 031002n2003 000 0 eng u
035 ## - SYSTEM CONTROL NUMBER
System control number (Sirsi) u123832
245 #2 - TITLE STATEMENT
Title A lesson in house prices
260 ## - PUBLICATION, DISTRIBUTION, ETC.
Date of publication, distribution, etc. 2003
490 ## - SERIES STATEMENT
Series statement RICS Press Release
Volume/sequential designation (pr093) 3 October 2003 (2)
520 ## - SUMMARY, ETC.
Summary, etc. RICS survey shows the national average premium in the price of a house in the catchment area of a popular state school is 12%, varying from 16% in the West Midlands to 7% in London. 'Education, Education, Location' (EELs) has been used to sum up this house buying premium trend. More details are available from Jeremy Leaf t +44 (0)20 8446 4295. http://www.rics.org/ricscms/bin/show?class=PressRelease&template=/includes/showpr.html&id=1035&faculty=RICS
590 ## - LOCAL NOTE (RLIN)
Local note WB
650 ## - SUBJECT ADDED ENTRY--TOPICAL TERM
Topical term or geographic name entry element SURVEYS
650 ## - SUBJECT ADDED ENTRY--TOPICAL TERM
Topical term or geographic name entry element HOUSE PRICES
650 ## - SUBJECT ADDED ENTRY--TOPICAL TERM
Topical term or geographic name entry element SCHOOLS
650 ## - SUBJECT ADDED ENTRY--TOPICAL TERM
Topical term or geographic name entry element EELS
650 ## - SUBJECT ADDED ENTRY--TOPICAL TERM
Topical term or geographic name entry element CATCHMENT AREAS
690 ## - LOCAL SUBJECT ADDED ENTRY--TOPICAL TERM (OCLC, RLIN)
Topical term or geographic name as entry element HOUSING
942 ## - ADDED ENTRY ELEMENTS (KOHA)
Suppress in OPAC 0
Holdings
Withdrawn status Lost status Source of classification or shelving scheme Damaged status Not for loan Home library Current library Shelving location Date acquired Total Checkouts Full call number Barcode Date last seen Copy number Price effective from Koha item type
    Dewey Decimal Classification     London London News article 02/10/2003   WB3937-15 123832-1001 06/08/2019 1 06/08/2019 News article